000 00309nam a22001337a 4500
008 170929b xxu||||| |||| 00| 0 eng d
020 _a9780312171391
041 _aeng
080 _25TH
_a37
100 _a47
101 _aEDU
245 _aTHE BEDFORD INTRODUCTION TO LITERATURE
_cMEYER,M
942 _2udc
_cBK
999 _c30836
_d30836